Normal view
MARC view
- Urdu Letrature
Entry Topical Term
001 - CONTROL NUMBER
- control field: 105694
003 - CONTROL NUMBER IDENTIFIER
- control field: NUST
005 - DATE AND TIME OF LATEST TRANSACTION
- control field: 20221222151802.0
008 - FIXED-LENGTH DATA ELEMENTS
- fixed length control field: 221222|| aca||aabn | a|a d
040 ## - CATALOGING SOURCE
- Original cataloging agency: NUST
- Transcribing agency: NUST
150 ## - HEADING--TOPICAL TERM
- Topical term or geographic name entry element: Urdu Letrature
670 ## - SOURCE DATA FOUND
- Source citation: Work cat.: (NUST): wasif, ali wasif 2946, Baat se baat (بات سے بات) /, 2019
